In the beauty of the lilies : (Record no. 1133)

000 -LEADER
fixed length control field 01574nam a22005177a 4500
001 - CONTROL NUMBER
control field 5122094
003 - CONTROL NUMBER IDENTIFIER
control field LIBRIS
005 - DATE AND TIME OF LATEST TRANSACTION
control field 20210426122431.0
008 - FIXED-LENGTH DATA ELEMENTS--GENERAL INFORMATION
fixed length control field 011211s1996 xxu 000 0 eng c
020 ## - INTERNATIONAL STANDARD BOOK NUMBER
International Standard Book Number 0679446400
035 ## - SYSTEM CONTROL NUMBER
System control number (Bo)240879
035 ## - SYSTEM CONTROL NUMBER
System control number (Mo)b1009828
040 ## - CATALOGING SOURCE
Original cataloging agency Nob
Language of cataloging eng
Transcribing agency DLC
041 ## - LANGUAGE CODE
Language code of text/sound track or separate title eng
080 ## - UNIVERSAL DECIMAL CLASSIFICATION NUMBER
Universal Decimal Classification number 821.111
Item number U-67
082 04 - DEWEY DECIMAL CLASSIFICATION NUMBER
Classification number 813
Edition number 22 (machine generated)
082 14 - DEWEY DECIMAL CLASSIFICATION NUMBER
Classification number 813/.54
Edition number 20
084 ## - OTHER CLASSIFICATION NUMBER
Classification number Heq.01
Number source kssb/6
084 ## - OTHER CLASSIFICATION NUMBER
Classification number Heq.01
Number source kssb/6
084 ## - OTHER CLASSIFICATION NUMBER
Classification number Heq.01
Number source kssb/6
084 ## - OTHER CLASSIFICATION NUMBER
Classification number He.01
Number source kssb/8
084 ## - OTHER CLASSIFICATION NUMBER
Classification number Heq.01
Number source kssb/6
100 1# - MAIN ENTRY--PERSONAL NAME
Personal name Updike, John.
Authority record control number or standard number 98399
245 00 - TITLE STATEMENT
Title In the beauty of the lilies :
Remainder of title a novel /
Statement of responsibility, etc. / by: Alfred A. Knopf
260 ## - PUBLICATION, DISTRIBUTION, ETC.
Place of publication, distribution, etc. New York
Name of publisher, distributor, etc. Alfred A. Knopf
Date of publication, distribution, etc. 1996
300 ## - PHYSICAL DESCRIPTION
Extent 491 p.
500 ## - GENERAL NOTE
Institution to which field applies Mo
General note Originalupplaga
546 ## - LANGUAGE NOTE
Language note engelska
650 #0 - SUBJECT ADDED ENTRY--TOPICAL TERM
9 (RLIN) 254
Topical term or geographic name entry element English literature
653 ## - INDEX TERM--UNCONTROLLED
Uncontrolled term ინგლისური ლიტერატურა
655 #4 - INDEX TERM--GENRE/FORM
Institution to which field applies Mo
Genre/form data or focus term Bok
942 ## - ADDED ENTRY ELEMENTS (KOHA)
Source of classification or shelving scheme
Koha item type Books
Holdings
Withdrawn status Lost status Source of classification or shelving scheme Damaged status Not for loan Permanent location Current location Date acquired Inventory number Total Checkouts Full call number Barcode Date last seen Price effective from Koha item type
          Ken Walker International University Ken Walker International University 02/03/2021 464   821.111 U-67 464 02/03/2021 02/03/2021 Books

Powered by Koha